banner koha

Interacoes entre genotipos de sorgo, a mosca Stenodiplosidis sorghicola (Diptera: Cecidomyiidae)e seu parasitoide Aprostocetus diplosidis Crawford, 1907 (Hymenoptera: Eulophidae) (Registro n. 165046)

MARC details
000 -LÍDER
campo de controle de tamanho fixo 00907nas a2200289 4500
001 - NÚMERO DE CONTROLE
campo de controle BR0003922
003 - IDENTIFICADOR DO NÚMERO DE CONTROLE
campo de controle BR-BrBNA
005 - DATA E HORÁRIO DA ÚLTIMA TRANSAÇÃO
campo de controle 20231205101956.0
007 - CAMPO FIXO DE DESCRIÇÃO FÍSICA--INFORMAÇÃO GERAL
campo de controle de tamanho fixo ta
008 - CAMPO DE DADOS FIXOS--INFORMAÇÃO GERAL
campo de controle de tamanho fixo 230509b bl.|||p| |||| 00| 00por d
040 ## - FONTE DA CATALOGAÇÃO
Instituição da catalogação original BR-BrBNA
Idioma da catalogação por
Instituição que transcreveu o registro Biblioteca Nacional de Agricultura
041 ## - CÓDIGO DE IDIOMA
Código do idioma do texto/trilha sonora ou título diferente (Pt)
072 ## - CÓDIGO DE CATEGORIA DE ASSUNTO
Código de Categoria de Assunto H10
100 1# - ENTRADA PRINCIPAL--NOME PESSOAL
Nome pessoal Campos, A.R.
100 1# - ENTRADA PRINCIPAL--NOME PESSOAL
Nome pessoal Lara, F.M.
100 1# - ENTRADA PRINCIPAL--NOME PESSOAL
Nome pessoal Pretto, D.R.
100 1# - ENTRADA PRINCIPAL--NOME PESSOAL
Nome pessoal Campos, O.R.
245 1# - TÍTULO
Título Interacoes entre genotipos de sorgo, a mosca Stenodiplosidis sorghicola (Diptera: Cecidomyiidae)e seu parasitoide Aprostocetus diplosidis Crawford, 1907 (Hymenoptera: Eulophidae)
650 ## - ASSUNTO--TERMO TÓPICO
Cabeçalho tópico ou nome geográfico Sorgo
650 ## - ASSUNTO--TERMO TÓPICO
Cabeçalho tópico ou nome geográfico Mosca
650 ## - ASSUNTO--TERMO TÓPICO
Cabeçalho tópico ou nome geográfico Genotipo
650 ## - ASSUNTO--TERMO TÓPICO
Cabeçalho tópico ou nome geográfico Variedade Resistente
650 ## - ASSUNTO--TERMO TÓPICO
Cabeçalho tópico ou nome geográfico Sao Paulo
773 0# - ENTRADA ANALÍTICA
Título Ecossistema (Brazil)
ISSN - International Standard Serial Number ISSN 0100-4107
Partes relacionadas (Dec 1999), v. 24 p. 84
Número de controle do registro BR0003922
909 ## -
-- 202311
-- Lúcia
-- 55
-- Lúcia Elande
942 ## - ELEMENTOS DE ENTRADA ADICIONADOS (KOHA)
Fonte da classificação ou esquema de arquivamento na estante Classificação AGRIS
Ocultar no OPAC Não
Tipo de material Koha Analítica
Exemplares
Situação do descarte Fonte da classificação ou esquema de arquivamento na estante Situação física Não pode ser emprestado Biblioteca de origem Biblioteca atual Localização na estante Enumeração do periódico / cronologia Total de empréstimos Data de último acesso Número do exemplar Tipo de material Koha Fonte de aquisição
  Classificação AGRIS   Consulta local Biblioteca Nacional de Agricultura - Binagri Biblioteca Nacional de Agricultura - Binagri   (Dec 1999), v. 24 p. 84   29/11/2023 01 Periódicos Portaria Interministerial nº 164/94

BINAGRI

Telefone: (61)3218-2567/2388/3357/2097 - binagri@agro.gov.br

Ministério da Agricultura e Pecuária , Esplanada dos Ministérios, Bloco D, Anexo B, Brasília/DF, CEP: 70.043-900